000 004970000a22001810004500
003 MACL
005 20160312131019.0
008 160312b xxu||||| |||| 00| 0 eng d
040 _aMACL
_cMACL
041 _aHindi
082 _a891.433
100 _aशर्मा श्रीराम
_938060
245 _aशिकार
260 _bआर्य बुक डिपो
_c1982
_aनई दिल्‍ली
350 _a20
650 _aStories
_945303
942 _cHIN
_k891.433
_2ddc
999 _c28294
_d28294